Discipline with Dignity /

Guardado en:
Detalles Bibliográficos
Autor principal: Curwin, Richard L. (autor)
Otros autores: Mendler, Allen N. (autor) (autor)
Formato: Libro
Idioma:Inglés
Publicado: Alexandria, EUA : Association for Supervision and Curriculum Development, 1988, c1988
Temas:
Etiquetas: Agrega una etiqueta
Sin etiquetas, Sé el primero en etiquetar este registro!

MARC

LEADER 00000nam^a2200000^a^4500
001 000267161
005 20250521000000.0
009 20260310110814.542
025 |a Donación Anita Nielsen, 1 ejemplar 
037 |a Acervo ITESO - Biblioteca 
041 |a ING 
082 |a 371. 5  |b CUR 
100 |a Curwin, Richard L.  |e (autor) 
240 1 1 |a [Disciplina con dignidad] 
245 1 0 |a Discipline with Dignity /  |c R.L. Curwin, A.N. Mendler. 
264 4 |a Alexandria, EUA :  |b Association for Supervision and Curriculum Development,  |c 1988, c1988 
300 |a IX, 267 p. 
336 |a texto  |b txt  |2 rdacontenido 
337 |a sin mediación  |b n  |2 rdamedio 
338 |a volumen  |b nc  |2 rdasoporte 
649 |a XX 
650 |a Disciplina Escolar -  |x Tema Principal 
650 |a Comportamiento del Alumno 
650 |a Comportamiento del Profesor 
650 |a Comportamiento de la Clase 
650 |a Relaciones Maestro-Alumno 
650 |a Estilo Docente 
650 |a Metodología Educativa 
650 |a Práctica Educativa 
650 |a Proceso Educativo 
650 |a Educación 
700 |a Mendler, Allen N.  |e (autor) 
910 |a Fondo General 
920 |a Impresos - Libros 
930 |a Colección General 
905 |a 101 
901 |a 0500150747  |b IT1  |c ACC  |i D  |u 20250521 
902 |a https://opac.biblio.iteso.mx/vufind/Record/000267161